000 02434nam a2200289 a 4500
001 000871181
003 AM-YeHGA
005 20250617145211.0
008 120229s1978 ||||||||r|||||000|0|rus|d
040 _aAM-YeHGA
041 0 _arus
100 1 _aКлюева, Светлана Климентьевна.
245 1 0 _aИзучение генетических факторов при ишемической (коронарной) болезни сердца /
_cС. К. Клюева. Генетические подходы к ранней диагностике и проведению целенаправленной профилактики сердечно-сосудистых заболеваний / С.К. Клюева, Э.К. Белявская. Основные типы наследования в патологии человека и клинико-генеалогический метод исследования : лекции для врачей курсантов / Т.Л. Шалагина ; Ленинградский государственный институт усовершенствования врачей им. С.М. Кирова.
260 _aЛенинград :
_b[Б. и.],
_c1978.
300 _a36 с. :
_bил., табл. ;
_c20 см.
650 1 4 _aИшемическая болезнь сердца
_xГенетика
650 1 4 _aРиска факторы
650 1 4 _aНаследственность
650 1 4 _aГенетическая предрасположенность к болезни
650 1 4 _aГенетические методы
700 1 _aШалагина, Т.Л.
700 1 _aБелявская, Э.К.
710 2 _aЛенинградский государственный институт усовершенствования врачей им. С.М. Кирова
777 _aКлюева, С.К.; Белявская, Э.К.
_tГенетические подходы к ранней диагностике и проведению целенаправленной профилактики сердечно-сосудистых заболеваний
777 _aШалагина, Т.Л.
_tОсновные типы наследования в патологии человека и клинико-генеалогический метод исследования : лекции для врачей курсантов
090 _c309593
999 _c307884
_d307884